000 00538nam a2200193Ia 4500
005 20250508154610.0
008 008 250505s9999 xx 000 0 eng d
037 _aTextual
040 _aFEDL
_beng
_cFEDL
041 _aeng
_2eng
084 _a342.44, SHA
_qFEDL
100 _aSharma B. M.
245 0 _aRepublic of India : Constitution and government
260 _aBombay, India
_bAsia Publishing House
_c1966
300 _axviii,655p
650 _aLaw
942 _cTEXL
_h342.44, SHA
999 _c1351116
_d1351116